Helping tenants have a stronger voice (Record no. 82456)
[ view plain ]
| 000 -LEADER | |
|---|---|
| fixed length control field | 01211cad a22002055a 4500 |
| 001 - CONTROL NUMBER | |
| control field | L150314 |
| 008 - FIXED-LENGTH DATA ELEMENTS--GENERAL INFORMATION | |
| fixed length control field | 100628e20100625xxk 000 0 eng d |
| 035 ## - SYSTEM CONTROL NUMBER | |
| System control number | (Sirsi) u150314 |
| 041 0# - LANGUAGE CODE | |
| Language code of text/sound track or separate title | eng |
| 110 2# - MAIN ENTRY--CORPORATE NAME | |
| Corporate name or jurisdiction name as entry element | United Kingdom |
| Subordinate unit | Department for Communities and Local Government |
| 9 (RLIN) | 4939 |
| 245 00 - TITLE STATEMENT | |
| Title | Helping tenants have a stronger voice |
| Medium | [electronic resource] |
| 260 ## - PUBLICATION, DISTRIBUTION, ETC. | |
| Date of publication, distribution, etc. | 2010 |
| 490 ## - SERIES STATEMENT | |
| Series statement | Department for Communities and Local Government News Release |
| Volume/sequential designation | 25 June 2010 |
| 520 ## - SUMMARY, ETC. | |
| Summary, etc. | Housing Minister Grant Shapps in his speech to the Chartered Institute of Housing Annual Conference in June 2010 announced a review of the role and purpose of the Tenants Services Authority in regulating social housing. Conservative Liberal Coalition Government intends to retain the Homes and Communities Agency which will be reduced in size and its functions delivered under local leadership. Government is looking at Tenants Panels for dealing with tenants' complaints. |
| 590 ## - LOCAL NOTE (RLIN) | |
| Local note | KA NTK |
| 651 #4 - SUBJECT ADDED ENTRY--GEOGRAPHIC NAME | |
| Geographic name | ENGLAND AND WALES |
| 690 ## - LOCAL SUBJECT ADDED ENTRY--TOPICAL TERM (OCLC, RLIN) | |
| Topical term or geographic name as entry element | PROPERTY-PROPERTY MANAGEMENT-REGENERATION |
| 856 48 - ELECTRONIC LOCATION AND ACCESS | |
| Uniform Resource Identifier | <a href="https://www.communities.gov.uk/newsstories/newsroom/1624197">https://www.communities.gov.uk/newsstories/newsroom/1624197</a> |
| Public note | View this item free of charge at www.communities.gov.uk |
| 942 ## - ADDED ENTRY ELEMENTS (KOHA) | |
| Suppress in OPAC | 0 |
| Withdrawn status | Lost status | Source of classification or shelving scheme | Damaged status | Not for loan | Home library | Current library | Shelving location | Date acquired | Total Checkouts | Full call number | Barcode | Date last seen | Copy number | Price effective from | Koha item type |
|---|---|---|---|---|---|---|---|---|---|---|---|---|---|---|---|
| Dewey Decimal Classification | Virtual | Virtual | Online | 28/06/2010 | ONLINE PUBLICATION | 150314-2001 | 06/08/2019 | 1 | 06/08/2019 | Journal article |